00339nam a2200157Ia 4500008004100000041000800041100001200049245003100061250000900092260002200101300000800123365001200131500000900143520001200152650001700164230605s9999 xx 000 0 und d aeng aLuthans aOrganizational behavir (2) a12th bMc Grawhill Pub.  a574 b629h10 a1989 aGeneral aOrganisation